VALVE MANUAL PART-1 THERMIONIC VALVES CATHODE RAY TUBES PHOTOCELLS (Record no. 567224)
[ view plain ]
| 000 -LEADER | |
|---|---|
| fixed length control field | 00308nam a22001097a 4500 |
| 082 ## - DEWEY DECIMAL CLASSIFICATION NUMBER | |
| Classification number | 621.84 VAL'V |
| 100 ## - MAIN ENTRY--PERSONAL NAME | |
| Personal name | VALVE AND ELECTRONIC CO |
| 9 (RLIN) | 56900 |
| 245 ## - TITLE STATEMENT | |
| Title | VALVE MANUAL PART-1 THERMIONIC VALVES CATHODE RAY TUBES PHOTOCELLS |
| 260 ## - PUBLICATION, DISTRIBUTION, ETC. | |
| Place of publication, distribution, etc. | LONDON |
| Name of publisher, distributor, etc. | VALVE & ELECTRONIC CO |
| Date of publication, distribution, etc. | 1959 |
| 300 ## - PHYSICAL DESCRIPTION | |
| Extent | 223P |
| 942 ## - ADDED ENTRY ELEMENTS (KOHA) | |
| Koha item type | Book |
| Withdrawn status | Lost status | Damaged status | Not for loan | Permanent Location | Current Location | Shelving location | Date acquired | Total Checkouts | Full call number | Barcode | Date last seen | Price effective from | Koha item type |
|---|---|---|---|---|---|---|---|---|---|---|---|---|---|
| College of Electrical & Mechanical Engineering (CEME) | College of Electrical & Mechanical Engineering (CEME) | General Stacks | 07/12/2017 | 621.84 VAL'V | CEME-4483 | 06/28/2021 | 06/28/2021 | Book |
